Реализация комбинированного управления приточной вентиляционной систем; Повышение эффективности производства и использования энергии в условиях Сибири; Т. 1

Detalles Bibliográficos
Parent link:Повышение эффективности производства и использования энергии в условиях Сибири: материалы Всероссийской научно-практической конференции с международным участием, Иркутск, 24-28 апреля 2018 г./ Национальный исследовательский Иркутский государственный технический университет.— , 2018
Т. 1.— 2018.— [С. 110-115]
Autor principal: Слепцов Д. В. Дмитрий Витальевич
Autor Corporativo: Национальный исследовательский Томский политехнический университет Инженерная школа энергетики Отделение электроэнергетики и электротехники
Otros Autores: Шилин А. А. Александр Анатольевич
Sumario:Заглавие с экрана
Lenguaje:ruso
Publicado: 2018
Materias:
Acceso en línea:https://elibrary.ru/item.asp?id=36426601
Formato: MixedMaterials Electrónico Capítulo de libro
KOHA link:https://koha.lib.tpu.ru/cgi-bin/koha/opac-detail.pl?biblionumber=667344

MARC

LEADER 00000naa0a2200000 4500
001 667344
005 20250819111300.0
035 |a (RuTPU)RU\TPU\network\38549 
090 |a 667344 
100 |a 20220317d2018 k y0rusy50 ca 
101 0 |a rus 
102 |a RU 
135 |a drcn ---uucaa 
181 0 |a i  
182 0 |a b 
200 1 |a Реализация комбинированного управления приточной вентиляционной систем  |f Д. В. Слепцов, А. А. Шилин 
203 |a Текст  |c электронный 
300 |a Заглавие с экрана 
320 |a [Библиогр.: 3 назв.] 
461 |t Повышение эффективности производства и использования энергии в условиях Сибири  |o материалы Всероссийской научно-практической конференции с международным участием, Иркутск, 24-28 апреля 2018 г.  |f Национальный исследовательский Иркутский государственный технический университет  |d 2018 
463 |t Т. 1  |v [С. 110-115]  |d 2018 
610 1 |a электронный ресурс 
610 1 |a труды учёных ТПУ 
700 1 |a Слепцов  |b Д. В.  |g Дмитрий Витальевич 
701 1 |a Шилин  |b А. А.  |c специалист в области электротехники  |c профессор Томского политехнического университета, доктор технических наук  |f 1972-  |g Александр Анатольевич  |3 (RuTPU)RU\TPU\pers\30479  |9 14803 
712 0 2 |a Национальный исследовательский Томский политехнический университет  |b Инженерная школа энергетики  |b Отделение электроэнергетики и электротехники  |3 (RuTPU)RU\TPU\col\23505 
801 2 |a RU  |b 63413507  |c 20220317  |g RCR 
856 4 |u https://elibrary.ru/item.asp?id=36426601 
942 |c CF